00685npc a2200181Ia 4500001002600000003001000026005001700036008004100053040002500094041000700119100003400126245006900160260008000229300001100309500008600320650002400406700007300430dp5/11-27847 [d000003190]IT-MiCISF20230404152744.0161014s9999||||xx | und|| aIT-MiCISFcIT-MiCISF ait aFregni Gianfranco (a cura di) 0aLe nostre case. bDove ci si incontra, dove si vive la preghiera aBologna,bCentro di documentazione e promozione familiare G.P. Dore, c1988 app. 63 a / pastorale-familiare, spiritualità-familiare, abitazione, chiesa-domestica /  apastorale-familiare aFregni G., Oliveto G. & L., Bovet T., Dubois J.P., Giovanni Paolo II